<?xml version="1.0" encoding="UTF-8"?>
<record
    xmlns:xsi="http://www.w3.org/2001/XMLSchema-instance"
    xsi:schemaLocation="http://www.loc.gov/MARC21/slim http://www.loc.gov/standards/marcxml/schema/MARC21slim.xsd"
    xmlns="http://www.loc.gov/MARC21/slim">

  <leader>00909nam a2200205 a 4500</leader>
  <controlfield tag="001">000044389</controlfield>
  <controlfield tag="005">20201002045335.0</controlfield>
  <controlfield tag="008">140626s2010    dr a          000 j spa d</controlfield>
  <datafield tag="020" ind1=" " ind2=" ">
    <subfield code="a">9789945863314</subfield>
  </datafield>
  <datafield tag="040" ind1=" " ind2=" ">
    <subfield code="a">DO-SdBNP</subfield>
    <subfield code="b">spa</subfield>
    <subfield code="c">BNPH</subfield>
  </datafield>
  <datafield tag="082" ind1=" " ind2=" ">
    <subfield code="a">891.73</subfield>
    <subfield code="b">T588C</subfield>
  </datafield>
  <datafield tag="100" ind1="1" ind2=" ">
    <subfield code="a">Tolst&#xF3;i, Le&#xF3;n,</subfield>
    <subfield code="d">1928-1910</subfield>
    <subfield code="9">72393</subfield>
  </datafield>
  <datafield tag="245" ind1="1" ind2="0">
    <subfield code="a">Cuentos para ni&#xF1;os /</subfield>
    <subfield code="c">Le&#xF3;n Tolst&#xF3;i ; editado Salom&#xE9; Fr&#xED;as ; diagramaci&#xF3;n Emilio P&#xE9;rez.</subfield>
  </datafield>
  <datafield tag="260" ind1=" " ind2=" ">
    <subfield code="a">Santo Domingo :</subfield>
    <subfield code="b">karab&#xFA;,</subfield>
    <subfield code="c">2010.</subfield>
  </datafield>
  <datafield tag="300" ind1=" " ind2=" ">
    <subfield code="a">39 p. :</subfield>
    <subfield code="b">il. ;</subfield>
    <subfield code="c">27 cm.</subfield>
  </datafield>
  <datafield tag="505" ind1="0" ind2=" ">
    <subfield code="t">El gatito --</subfield>
    <subfield code="t">La ni&#xF1;a y las setas --</subfield>
    <subfield code="t">El hueso de la ciruela --</subfield>
    <subfield code="t">El pajarito --</subfield>
    <subfield code="t">El embustero --</subfield>
    <subfield code="t">Dos camaradas --</subfield>
    <subfield code="t">Los cisnes --</subfield>
    <subfield code="t">El elefante --</subfield>
    <subfield code="t">El gorri&#xF3;n y la golondrina --</subfield>
    <subfield code="t">El &#xE1;guila --</subfield>
    <subfield code="t">El tibur&#xF3;n --</subfield>
    <subfield code="t">El salto --</subfield>
    <subfield code="t">El le&#xF3;n y el perrito --</subfield>
  </datafield>
  <datafield tag="650" ind1=" " ind2="4">
    <subfield code="a">Cuentos infantiles rusos</subfield>
    <subfield code="9">72394</subfield>
  </datafield>
  <datafield tag="650" ind1=" " ind2="4">
    <subfield code="a">Literatura infantil rusa</subfield>
    <subfield code="9">72395</subfield>
  </datafield>
  <datafield tag="700" ind1="1" ind2="2">
    <subfield code="a">Fr&#xED;as, Salom&#xE9;</subfield>
    <subfield code="e">ed.</subfield>
    <subfield code="9">16020</subfield>
  </datafield>
  <datafield tag="952" ind1=" " ind2=" ">
    <subfield code="0">0</subfield>
    <subfield code="1">0</subfield>
    <subfield code="7">1</subfield>
    <subfield code="8">PD</subfield>
    <subfield code="a">PD</subfield>
    <subfield code="b">PD</subfield>
    <subfield code="c">HD</subfield>
    <subfield code="d">2014-06-26</subfield>
    <subfield code="i">LF1</subfield>
    <subfield code="l">0</subfield>
    <subfield code="o">891.73 T588C</subfield>
    <subfield code="p">44389-10</subfield>
    <subfield code="r">2020-06-25</subfield>
    <subfield code="w">2020-06-25</subfield>
    <subfield code="y">LFPD</subfield>
    <subfield code="Z">No se presta</subfield>
  </datafield>
  <datafield tag="952" ind1=" " ind2=" ">
    <subfield code="0">0</subfield>
    <subfield code="1">0</subfield>
    <subfield code="7">1</subfield>
    <subfield code="8">PD</subfield>
    <subfield code="a">PD</subfield>
    <subfield code="b">PD</subfield>
    <subfield code="c">HD</subfield>
    <subfield code="d">2014-06-26</subfield>
    <subfield code="i">LF1</subfield>
    <subfield code="l">0</subfield>
    <subfield code="o">891.73 T588C</subfield>
    <subfield code="p">44389-20</subfield>
    <subfield code="r">2020-06-25</subfield>
    <subfield code="t">e. 2</subfield>
    <subfield code="w">2020-06-25</subfield>
    <subfield code="y">LFPD</subfield>
    <subfield code="Z">No se presta</subfield>
  </datafield>
  <datafield tag="999" ind1=" " ind2=" ">
    <subfield code="c">43878</subfield>
    <subfield code="d">43878</subfield>
  </datafield>
</record>
